| 000 -LEADER |
| fixed length control field |
00978nam a2200241 a 4500 |
| 001 - CONTROL NUMBER |
| control field |
9274 |
| 003 - CONTROL NUMBER IDENTIFIER |
| control field |
BD-DhUAP |
| 005 - DATE AND TIME OF LATEST TRANSACTION |
| control field |
20200202163714.0 |
| 008 - FIXED-LENGTH DATA ELEMENTS--GENERAL INFORMATION |
| fixed length control field |
200202s2005 bg 000 0 eng d |
| 020 ## - INTERNATIONAL STANDARD BOOK NUMBER |
| International Standard Book Number |
9848430725 |
| 040 ## - CATALOGING SOURCE |
| Original cataloging agency |
DLC |
| Transcribing agency |
DLC |
| Modifying agency |
BD-DhUAP |
| Language of cataloging |
Eng |
| 082 00 - DEWEY DECIMAL CLASSIFICATION NUMBER |
| Edition number |
23 |
| Classification number |
340.0954 RAK |
| 100 1# - MAIN ENTRY--PERSONAL NAME |
| Personal name |
Rakshit, Mridul Kanti. |
| 245 14 - TITLE STATEMENT |
| Title |
The principles of Hindu law : |
| Remainder of title |
personal law of Hindus in Bangladesh and Pakistan, containing law of socio-economic relations of the members of the Hindu society as well as the socio-engineering law of property of Hindus as modified by various legislative enactments, with upto date judicial precedents / |
| Statement of responsibility, etc. |
by Sree Mridulkanti Rakshit. |
| 250 ## - EDITION STATEMENT |
| Edition statement |
5th ed. |
| 260 ## - PUBLICATION, DISTRIBUTION, ETC. |
| Place of publication, distribution, etc. |
Chittagong, Bangladesh : |
| Name of publisher, distributor, etc. |
Kamrul Book House, |
| Date of publication, distribution, etc. |
2005. |
| 300 ## - PHYSICAL DESCRIPTION |
| Extent |
l, 1084 pages ; |
| Dimensions |
26 cm. |
| 650 #0 - SUBJECT ADDED ENTRY--TOPICAL TERM |
| Topical term or geographic name entry element |
Hindu law |
| Geographic subdivision |
India. |
| 650 #0 - SUBJECT ADDED ENTRY--TOPICAL TERM |
| Topical term or geographic name entry element |
Hindus--Legal status, laws, etc. |
| 942 ## - ADDED ENTRY ELEMENTS (KOHA) |
| Source of classification or shelving scheme |
|
| Koha item type |
Book |